Sayings of Muhammad (P.B.U.H) (Record no. 7359)

000 -LEADER
fixed length control field 00358 a2200133 4500
082 ## - DEWEY DECIMAL CLASSIFICATION NUMBER
Classification number 297.1224 ABU
090 ## - LOCALLY ASSIGNED LC-TYPE CALL NUMBER (OCLC); LOCAL CALL NUMBER (RLIN)
-- 3448
-- 3448
100 ## - MAIN ENTRY--PERSONAL NAME
Personal name Abul-Fadl, Mirza
245 ## - TITLE STATEMENT
Title Sayings of Muhammad (P.B.U.H)
Statement of responsibility, etc. Abul-Fadl, Mirza
260 ## - PUBLICATION, DISTRIBUTION, ETC.
Place of publication, distribution, etc. Islamabad:
Name of publisher, distributor, etc. Dawah Academy,
Date of publication, distribution, etc. 1992.
300 ## - PHYSICAL DESCRIPTION
Extent xxvi, 247 p. ;
Dimensions 24 cm
650 ## - SUBJECT ADDED ENTRY--TOPICAL TERM
Topical term or geographic name entry element Hadith--Texts
942 ## - ADDED ENTRY ELEMENTS (KOHA)
Koha item type Book
Call number prefix 297.1224 ABU
Holdings
Withdrawn status Lost status Damaged status Not for loan Collection code Permanent Location Current Location Shelving location Date acquired Source of acquisition Total Checkouts Total Renewals Full call number Barcode Date last seen Date last checked out Price effective from Koha item type
          NUST Law School (NLS) NUST Law School (NLS) First Floor - Islam 12/15/2001 Donation 1 1 297.1224 ABU SEECS001588 02/24/2016 01/13/2016 01/05/2017 Book
© 2023 Central Library, National University of Sciences and Technology. All Rights Reserved.